Villes de la Métropole Grenobles-Alpes - Statistiques

Statistiques générales
  • Ce quiz a été pris 206 fois
  • Le résultat moyen est 18 sur 49
Statistiques - réponses
Réponse % Correct
Échirolles
91%
Saint-Martin-d'Hères
82%
Grenoble
78%
Fontaine
75%
Meylan
75%
Seyssins
72%
Saint-Égrève
68%
Eybens
67%
La Tronche
65%
Gières
64%
Claix
60%
Le Pont-de-Claix
60%
Sassenage
60%
Seyssinet-Pariset
59%
Saint-Martin-le-Vinoux
56%
Vizille
55%
Corenc
53%
Vif
48%
Jarrie
44%
Domène
38%
Poisat
38%
Bresson
28%
Noyarey
27%
Champagnier
25%
Fontanil-Cornillon
25%
Brié-et-Angonnes
23%
Vaulnaveys-le-Haut
23%
Veurey-Voroize
23%
Saint-Georges-de-Commiers
22%
Le Gua
21%
Murianette
21%
Varces-Allières-et-Risset
21%
Vaulnaveys-le-Bas
21%
Herbeys
20%
Saint-Paul-de-Varces
20%
Le Sappey-en-Chartreuse
19%
Champ-sur-Drac
18%
Quaix-en-Chartreuse
18%
Venon
17%
Sarcenas
13%
Montchaboud
12%
Séchilienne
12%
Notre-Dame-de-Commiers
11%
Notre-Dame-de-Mésage
11%
Mont-Saint-Martin
9%
Proveysieux
9%
Saint-Pierre-de-Mésage
8%
Saint-Barthélemy-de-Séchilienne
5%
Miribel-Lanchâtre
4%
Aucun quiz correspondant
Distribution des résultats
% des personnes avec chaque résultat
Percentile par nombre de réponses
Votre historique - résultats
Vous n’avez pas pris ce quiz